District laboratory practice in tropical countries. Part 1 / Monica Cheesbrough. (Record no. 2782)

000 -LEADER
fixed length control field 00613nam a22002057a 4500
003 - CONTROL NUMBER IDENTIFIER
control field OSt
005 - DATE AND TIME OF LATEST TRANSACTION
control field 20210721065939.0
008 - FIXED-LENGTH DATA ELEMENTS--GENERAL INFORMATION
fixed length control field 210721b ||||| |||| 00| 0 eng d
020 ## - INTERNATIONAL STANDARD BOOK NUMBER
International Standard Book Number 9780521676328
040 ## - CATALOGING SOURCE
Transcribing agency ALUPE UNIVERSITY
050 ## - LIBRARY OF CONGRESS CALL NUMBER
Classification number RA 428
Item number .C52005
100 ## - MAIN ENTRY--PERSONAL NAME
Personal name MONICA CHEESBROUGH
245 ## - TITLE STATEMENT
Title District laboratory practice in tropical countries. Part 1 / Monica Cheesbrough.
250 ## - EDITION STATEMENT
Edition statement 2nd ed.
260 ## - PUBLICATION, DISTRIBUTION, ETC.
Place of publication, distribution, etc. Cambridge : Cambridge University Press :
Name of publisher, distributor, etc. Tropical Health Technology,
Date of publication, distribution, etc. 2005
300 ## - PHYSICAL DESCRIPTION
Extent vi; 454;
Other physical details ills,
500 ## - GENERAL NOTE
General note index
650 ## - SUBJECT ADDED ENTRY--TOPICAL TERM
Topical term or geographic name entry element Laboratory practice
942 ## - ADDED ENTRY ELEMENTS (KOHA)
Source of classification or shelving scheme
Koha item type Book
Suppress in OPAC PW
Holdings
Withdrawn status Lost status Source of classification or shelving scheme Damaged status Not for loan Permanent Location Current Location Shelving location Date acquired Source of acquisition Total Checkouts Total Renewals Full call number Barcode Date last seen Date last checked out Price effective from Koha item type Public note
          AU LIBRARY AU LIBRARY Open Shelf 21.07.2021 DONATION FROM MOI UNIVERSITY 1 1 RA428 .C5 2005 28004063 23.05.2023 04.05.2023 21.07.2021 Book PW

Powered by Koha